LEADER 01188nam 2200421 450 001 9910825649903321 005 20230814230932.0 010 $a1-55138-935-5 035 $a(CKB)4100000007519955 035 $a(MiAaPQ)EBC5630691 035 $a(EXLCZ)994100000007519955 100 $a20190201d2018 uy 0 101 0 $aeng 135 $aurcnu|||||||| 181 $ctxt$2rdacontent 182 $cc$2rdamedia 183 $acr$2rdacarrier 200 10$aAsking better questions $eteaching and learning for a changing world /$fJuliana Saxton [and three others] 205 $aThird edition. 210 1$aMarkham, Ontario :$cPembroke Publishers Limited,$d[2018] 210 4$d©2018 215 $a1 online resource (129 pages) $cillustrations 311 $a1-55138-335-7 606 $aQuestioning 606 $aTeaching 606 $aLearning 615 0$aQuestioning. 615 0$aTeaching. 615 0$aLearning. 676 $a371.37 700 $aSaxton$b Juliana$f1933-$0846972 801 0$bMiAaPQ 801 1$bMiAaPQ 801 2$bMiAaPQ 906 $aBOOK 912 $a9910825649903321 996 $aAsking better questions$94056973 997 $aUNINA LEADER 01687nam 22004573 450 001 9910156549303321 005 20200520144314.0 010 $a9957-603-85-X 035 $a(CKB)3820000000019899 035 $a(EBL)3341472 035 $a(MiAaPQ)EBC3341472 035 $a(EXLCZ)993820000000019899 100 $a20130325d2009 my | 101 0 $aara 135 $aur|n|---||||| 181 $2rdacontent 182 $2rdamedia 183 $2rdacarrier 200 13$aal-Fikr al-maqasidi inda al-Imam al-Ghazali /$fMuhammad Abdu 205 $6880-03$aal-TŁabah al-ula. 210 1$aBayrut :$cDar al-Kutub al-Ilmiyah,$d2009. 215 $a1 online resource (386 p.) 300 $aDescription based upon print version of record. 311 $a2-7451-6277-2 320 $aIncludes bibliographical references (pages 363-377). 327 $aPages:1 to 25; Pages:26 to 50; Pages:51 to 75; Pages:76 to 100; Pages:101 to 125; Pages:126 to 150; Pages:151 to 175; Pages:176 to 200; Pages:201 to 225; Pages:226 to 250; Pages:251 to 275; Pages:276 to 300; Pages:301 to 325; Pages:326 to 350; Pages:351 to 375; Pages:376 to 386 606 $aMaqa?s?id (Islamic law) 606 $aIslamic law$xInterpretation and construction 610 $aPROVISIONS OF SHARIA$aFIVE BASIC NEEDS 615 0$aMaqa?s?id (Islamic law) 615 0$aIslamic law$xInterpretation and construction. 676 $a264.1 700 $aAbdu$b Muhammad$01763379 712 02$aAl Manhal FZLLC. 801 0$bMiAaPQ 801 1$bMiAaPQ 801 2$bMiAaPQ 906 $aBOOK 912 $a9910156549303321 996 $aAl-Fikr al-maqasidi inda al-Imam al-Ghazali$94203767 997 $aUNINA